Most Viewed YouTube Music Videos - Statistics

General Stats
  • This quiz has been taken 2,270 times
    1,143 since last reset
  • The average score is 17 of 36
Answer Stats
Views Artist Song % Correct
1.80 bil Adele Hello
87%
2.22 bil Wiz Khalifa (ft. Charlie Puth) See You Again
84%
2.70 bil Psy Gangnam Style
83%
1.50 bil Justin Bieber (ft. Ludacris) Baby
80%
2.00 bil Mark Ronson (ft. Bruno Mars) Uptown Funk
80%
2.03 bil Justin Bieber Sorry
73%
1.65 bil Katy Perry Roar
69%
1.76 bil Taylor Swift Shake It Off
68%
1.47 bil Sia Chandelier
64%
1.62 bil Meghan Trainor All About That Bass
60%
1.54 bil OneRepublic Counting Stars
60%
1.59 bil Maroon 5 Sugar
57%
1.61 bil Katy Perry (ft. Juicy J) Dark Horse
54%
1.75 bil Major Lazer and DJ Snake  (ft. MØ) Lean On
53%
1.22 bil Passenger Let Her Go
51%
1.20 bil Eminem (ft. Rihanna) Love The Way You Lie
50%
1.87 bil Taylor Swift Blank Space
45%
1.10 bil Magic! Rude
44%
1.15 bil Avicii Wake Me Up
44%
1.16 bil Fifth Harmony (ft. Ty Dolla $ign) Work From Home
41%
1.20 bil LMFAO (ft. Lauren Bennettand GoonRock) Party Rock Anthem
36%
1.32 bil Ellie Goulding Love Me Like You Do
35%
1.24 bil Shakira (ft. Freshlyground) Waka Waka (This Time for Africa)
34%
1.01 bil Adele Rolling in the Deep
33%
1.39 bil Ed Sheeran Thinking Out Loud
33%
1.04 bil Drake Hotline Bling
30%
1.75 bil Enrique Iglesias (ft. Descemer Buenoand Gente De Zona) Bailando
29%
1.01 bil Psy Gentleman
29%
1.37 bil Justin Bieber What Do You Mean?
29%
1.00 bil Justin Bieber Love Yourself
28%
1.00 bil Jennifer Lopez (ft. Pitbull) On The Floor
28%
1.20 bil Fifth Harmony (ft. Kid Ink) Worth It
28%
1.01 bil Calvin Harris (ft. Rihanna) This Is What You Came For
22%
1.12 bil Silentó Watch Me (Whip/Nae Nae)
8%
1.04 bil J. Balvin Ay Vamos
2%
1.10 bil Romeo Santos Propuesta Indecente
2%
No matching quizzes found
Score Distribution
Percent of People with Each Score
Percentile by Number Answered
Your Score History
You have not taken this quiz since the last reset